[Event "Ciocaltea Memorial"]
[Site "Bucharest"]
[Date "1998.??.??"]
[Round "9"]
[White "Iordachescu, Viorel"]
[Black "Kiselev, Sergey"]
[Result "1/2-1/2"]
[WhiteElo "2520"]
[BlackElo "2510"]
[Annotator "Gofshtein,L"]
[PlyCount "88"]
[EventDate "1998.02.??"]
[EventType "tourn"]
[EventRounds "13"]
[EventCountry "ROU"]
[EventCategory "11"]
[SourceTitle "CBM 064"]
[Source "ChessBase"]
[SourceDate "1998.06.02"]
[SourceVersion "1"]
[SourceVersionDate "1998.06.02"]
[SourceQuality "1"]

1. e4 c5 2. Nf3 Nc6 3. d4 cxd4 4. Nxd4 Nf6 5. Nc3 d6 6. Bg5 e6 7. Qd2 a6 8.
O-O-O Nxd4 9. Qxd4 Be7 10. Bc4 (10. f4) 10... Qc7 (10... b5 11. Bb3 Qc7 (11...
Bb7 12. Rhe1 Qc7 13. f4 Rd8 14. f5 $16 {Rihgi -Nassr,Dubai 1986}) 12. Bxf6 gxf6
13. f4 Qc5 14. Qd3 Bd7 15. f5 a5 $132 {Ivanov.A-Gurevich.D  USA 1996}) 11. Rhe1
$6 (11. f4 O-O 12. Bb3 Rd8 13. e5 (13. f5 $13) 13... dxe5 14. Qxe5 Qb6 15. Qe2
$14 {Kobalija-Aseev,Sankt-Peterburg 1997} (15. f5 $5) (15. Rxd8+ Qxd8 16. Rd1
Bd7 $13) (15. Ne4 $5 Nxe4 16. Bxe7 Qe3+ 17. Kb1 Rxd1+ 18. Rxd1 Nd2+ 19. Ka1
Qxe5 20. fxe5 Nxb3+ 21. axb3 h5 22. Rd8+ Kh7 23. c4 b5 $8 24. g3 Bb7 25. Rd7
Be4 $11) 15... Bd7 16. f5 Qc7) 11... O-O 12. Bb3 b5 13. f4 Rb8 {with idea a6-a5
} 14. Kb1 $6 (14. e5 dxe5 15. fxe5 (15. Qxe5 Qxe5 16. fxe5 Nd5 17. Bxe7 Nxe7)
15... Nd5 (15... Rd8 $2 16. Qh4 Rxd1+ 17. Rxd1 $18) 16. Bxe7 Nxe7 $13) (14. f5
$5 b4 $5 (14... exf5 $6 15. exf5 Bxf5 $2 16. Rxe7 $1 Qxe7 17. Nd5 Qe5 18. Bxf6
gxf6 19. Qxe5 fxe5 20. Ne7+ Kh8 21. Nxf5 $16) (14... e5 15. Qd3 $1 $16) (14...
a5 15. fxe6 $14) 15. Ne2 e5 (15... exf5 16. exf5 Bxf5 17. Nf4 $44) 16. Qd3 $13)
14... a5 $6 (14... b4 $132) 15. e5 $8 (15. a4 $6 bxa4 $36) 15... dxe5 16. fxe5
(16. Qxe5 Qb7 $36) 16... Ne8 (16... Rd8 17. Qh4) 17. Bxe7 Qxe7 18. a4 (18. a3
a4 19. Ba2 b4 $36 20. axb4) 18... bxa4 19. Nxa4 $14 Rb4 (19... Nc7 $6 20. Qd6)
(19... Qc7 20. Qc5) (19... Bb7 $5) 20. Qc5 Qxc5 (20... Qc7) 21. Nxc5 Rb5 (21...
Nc7 $5 22. Nd7 Bxd7 23. Rxd7 Nb5 $132) 22. Nd7 Bxd7 23. Rxd7 Rc5 $8 24. Re3 (
24. Re4 Nc7 25. Rc4 $16) 24... Nc7 25. Rc3 Rxc3 26. bxc3 Rc8 27. c4 g5 28. Kb2
Kg7 29. Kc3 {with idea k D4-c5 with adventage} a4 $5 30. Bxa4 Nd5+ 31. Kb3 (31.
Kd3 $2 Nb6 $15) 31... Ne3 (31... Nb6 $2 32. Rd4 $16) 32. Rd4 (32. Bb5 Nxg2)
32... h5 (32... Nxg2 $6 33. Rg4) 33. g3 Ng4 34. Kb4 Nxh2 (34... Nxe5 35. c5 $16
) 35. c5 $16 Nf3 36. Re4 Kg6 (36... h4 37. gxh4 gxh4 38. Rf4 Nxe5 39. Rxh4 $16)
37. Re3 g4 38. c3 $2 (38. Bd7 $1 Rc7 39. c6 Kf5 40. Kc5 Nxe5 41. Re2 $1 (41.
Kd6 $2 Rxc6+ $1 42. Bxc6 Nc4+ $17) (41. Rxe5+ Kxe5 42. Kb6 Rxc6+ (42... Kd6 $2
43. c4 Rxd7 44. c5+ $18) (42... h4 43. Kxc7 hxg3 44. Kd8 g2 45. c7 g1=Q 46.
c8=Q $14) 43. Bxc6 (43. Kxc6 $2 h4 $19) 43... Kd4 $13 44. Be8 $2 e5 $1 45. Bxf7
h4 $19) 41... Nxd7+ 42. Kd6 Rxc6+ 43. Kxc6 $16) 38... Kf5 39. Bc2+ Kg5 40. Bd1
(40. Kb5 h4 41. gxh4+ Kxh4 $13) 40... Nd2 (40... h4 $5 $13) 41. Kb5 Rb8+ 42.
Ka6 (42. Kc6 Rc8+ $11) 42... Rc8 43. Kb5 Rb8+ 44. Ka6 Rc8 1/2-1/2

[Event "Malmo Masters 1st"]
[Site "Malmo"]
[Date "2003.08.01"]
[Round "5"]
[White "Johannessen, Leif Erlend"]
[Black "Brynell, Stellan"]
[Result "1-0"]
[WhiteElo "2525"]
[BlackElo "2511"]
[Annotator "Gofshtein,L"]
[PlyCount "81"]
[EventDate "2003.07.28"]
[EventType "tourn"]
[EventRounds "9"]
[EventCountry "SWE"]
[EventCategory "9"]
[SourceTitle "CBM 097"]
[Source "ChessBase"]
[SourceDate "2003.11.11"]
[SourceVersion "1"]
[SourceVersionDate "2003.11.11"]
[SourceQuality "1"]

1. Nf3 {[%mdl 128]} c5 2. e4 Nc6 3. d4 cxd4 4. Nxd4 Nf6 5. Nc3 d6 6. Bg5 e6 7.
Qd2 a6 8. O-O-O Bd7 9. f3 h6 10. Be3 b5 11. Nxc6 Bxc6 12. Kb1 Be7 {Another
possible continuation leads pretty much to the same positions} (12... Qc7 13.
Bd3 Be7 14. h4 Bb7 15. Rhe1 Nd7 16. Qf2 Ne5 17. g4 Rc8 18. g5 hxg5 19. hxg5 Rh3
20. f4 Ng4 21. Qg1 Nxe3 22. Rxe3 Rxe3 23. Qxe3 {0-1 Liang Jinrong-Wang Zili/
Kuala Lumpur 1990/EXT 97 (46)} Qc5 $132) 13. Ne2 {White transfers the knight
to a better square - d4. There were also met in practice other moves: 13.h4,
13.Qf2} (13. h4 d5 14. Qf2 Qc7 15. Bb6 Qb7 16. e5 Nd7 17. Bd4 O-O 18. Ne2 f6
19. exf6 Bxf6 $132 {0-1 Wagman,S-Levin,F/Budapest 1990/EXT 99 (50)}) (13. Qf2
Qc7 14. Bd3 Nd7 15. Rhe1 (15. h4 Ne5 16. Bb6 Qb7 17. Bd4 Bf6 18. g4 O-O-O 19.
a3 g5 $132 {1/2-1/2 Dolmatov,S-Tukmakov,V/Groningen 1993/CBM 39 (33)}) 15...
Ne5 16. Ne2 Bf6 17. Bd4 O-O 18. f4 Nxd3 19. cxd3 Bxd4 20. Nxd4 Qb6 21. Re2 Bb7
22. Nb3 Qxf2 $132 {1-0 Leko,P-Krakops,M/Szeged 1994/TD (48)}) 13... Rc8 (13...
Qc7 14. Nd4 Bb7 15. g4 Nd7 (15... g5 16. h4 Rf8 17. hxg5 hxg5 18. Bd3 {1/2-1/2
Pavlovic,M-Popovic,P/Tivat 1995/CBM 48 ext (23)} (18. Bxg5 $5)) 16. g5 hxg5 17.
Bxg5 Nf6 18. Qe1 Nh5 19. h4 g6 $132 {1/2-1/2 Tringov,G-Tukmakov,V/Odessa 1976/
EXT 98 (41)}) 14. Nd4 Bb7 15. g4 Nd7 16. h4 Ne5 $6 {Probably, an immideate 16..
.d5 is stronger, trying to start a counterplay in the centre} (16... Bxh4 $6
17. g5 $36) (16... d5 $5 17. exd5 Bxd5 $132) 17. Be2 Nc4 $6 {And also now, 17..
.d5 looks preferable} (17... d5 $5 18. f4 Nc4 19. Bxc4 bxc4 20. Qc3 Qd6 $132)
18. Bxc4 Rxc4 19. g5 h5 (19... d5 20. gxh6 gxh6 21. e5 $36) (19... hxg5 20.
hxg5 Rxh1 21. Rxh1 $16) 20. g6 $1 {A typical strike, which raises difficult
problems to black} Bxh4 {Looks risky, but also after the obvious 20...Bf6
white has a dangerous attack} (20... Bf6 21. gxf7+ Kxf7 22. Rhg1 Qe7 23. Qg2
$40) 21. b3 Rc8 22. e5 $5 {[%mdl 128] White conducts the attack very inventive.
In case of the usual 22.Rdg1 black had a serious defensive resources.} (22.
Rdg1 Bf6 23. gxf7+ Kxf7) 22... Be7 {White's attack is dangerous in all
variations. It's hard to believe that black can defend this position.} (22...
Bg3 23. gxf7+ Kxf7 24. Bf4 $1 dxe5 25. Bxg3 exd4 26. Be5 Kg8 27. Rdg1 Rh7 28.
Rxh5 $36) (22... dxe5 23. Rxh4 $1 $36) 23. Qg2 {White brings the queen closer
to the king side and also opens the d-file for the rook} Bd5 (23... dxe5 24.
gxf7+ Kxf7 25. Nxe6 $40) 24. Nf5 $5 (24. gxf7+ $5 Kxf7 25. Nf5 exf5 26. Rxd5
$40) 24... f6 (24... exf5 25. Rxd5 $18) 25. Nxg7+ Kd7 26. Rxd5 {Perhaps, 26.
Qh3 was even stronger, but also after 26.Rxd5 white's edge is undoubtful} (26.
Qh3 $1 Qg8 27. Rxd5 Qxg7 28. exd6 Bf8 29. Rg1 $18) 26... exd5 27. e6+ Kc7 28.
Nf5 Qe8 29. Bd4 Kb8 30. f4 $18 {The domination of white's pieces makes black's
position undefendable} Rc7 31. g7 Rg8 32. Qxd5 Qg6 33. Bb6 Bd8 (33... Rb7 34.
Nxe7 Rxe7 35. Qxd6+) 34. Bxc7+ Bxc7 35. e7 Re8 36. Nxd6 Bxd6 37. Qxd6+ Kb7 38.
Qd7+ Kb6 39. Qxe8 (39. Rd1) 39... Qxe8 40. Rg1 Qg8 41. e8=Q 1-0

[Event "EU-ch 4th"]
[Site "Istanbul"]
[Date "2003.06.12"]
[Round "12"]
[White "Alekseev, Evgeny V"]
[Black "Stefansson, Hannes"]
[Result "1-0"]
[WhiteElo "2607"]
[BlackElo "2565"]
[Annotator "Gofshtein,L"]
[PlyCount "65"]
[EventDate "2003.05.30"]
[EventType "swiss"]
[EventRounds "13"]
[EventCountry "TUR"]
[SourceTitle "CBM 096"]
[Source "ChessBase"]
[SourceDate "2003.09.25"]
[SourceVersion "1"]
[SourceVersionDate "2003.09.25"]
[SourceQuality "1"]

1. e4 {[%mdl 8]} c5 2. Nf3 Nc6 3. d4 cxd4 4. Nxd4 Nf6 5. Nc3 d6 6. Bg5 e6 7.
Qd2 Be7 8. O-O-O a6 9. f4 Nxd4 10. Qxd4 b5 (10... Qa5 $6 11. e5 dxe5 12. fxe5
Nd5 13. Bxe7 Nxe7 14. Bd3 Nc6 15. Qh4 Nxe5 16. Ne4 f6 17. Rhf1 Qc7 18. Nxf6+
$16 {Adler,V-Bannik,A/URS/1978/}) 11. Bxf6 (11. Be2 Bb7 12. Bf3 Qc7 $5 $13) (
11. e5 dxe5 12. Qxd8+ Bxd8 13. fxe5 Nd7 14. Bxd8 Kxd8 $11) 11... gxf6 {black
is in fact forced to take f6 with the pawn, damaging his pawn structure, but
having pair of bishops as a compensation} (11... Bxf6 $2 12. e5 $1 dxe5 (12...
Be7 13. exd6 Bf6 14. Qe4 Rb8 15. Nd5 $18) 13. Qe4 (13. Qc5 Bd7 14. Nxb5 axb5
15. Rxd7 $1 $18) 13... Bd7 14. Bxb5 $1 (14. Rxd7 $5 Kxd7 15. Bxb5+ Ke7 16. Rd1
$18) 14... axb5 15. Rxd7 $40 {1-0 Karasev,V-Aseev,K/St.Petersburg-ch (08) ;CBM
47 1995 (38)}) 12. Bd3 {12.f5 is an alternative} (12. f5 Qc7 13. fxe6 fxe6 14.
Qd2 Qc5 15. Kb1 Bd7 16. Bd3 b4 17. Ne2 a5 18. Nf4 a4 19. Be2 {1/2-1/2 Dolmatov,
S-Aseev,K/Kemerovo1 (07) ;CBM 50 1995}) (12. f5 $5) (12. Be2 {/\f5, Bh5}) 12...
Qc7 (12... O-O 13. e5 $1 d5 14. Ne4 $16) 13. Qe3 Qc5 (13... b4 $5 14. Na4 (14.
Ne2 Qc5 15. Qxc5 dxc5 16. f5 Bd6) 14... Qa7) 14. Qg3 {white, of course, avoids
the queen exchange, trying to take advantage of the black's king bad position
in the middlegame. 14.Qh3 has also been played} (14. Qh3 b4 15. Ne2 a5 (15...
Bb7 16. Kb1 O-O-O 17. Nc1 h5 18. Nb3 Qb6 19. f5 d5 $132 {1-0 Vogt,L-Grosar,A/
AUT 1998/EXT 2000 (52)}) 16. Rhe1 a4 17. Kb1 Bd7 18. Rc1 Rb8 19. Qh6 $16 {
1-0 Nisipeanu,L-Ionescu,C/Trignac 2002/EXT 2003 (32)}) 14... b4 {14...Kf8
usually leads to the same position with a different move order} (14... Kf8 15.
f5 b4 16. Ne2 a5 17. Kb1 a4 18. Rhf1 e5 19. Qf2 Qxf2 20. Rxf2 Bd8 21. Bc4 Bb6
22. Rf3 Bc5 23. c3 $16 {1-0 Thorhallsson,T-Nielsen,P/Gausdal 1996/CBM 54 ext 
(43)}) 15. Ne2 {nothing real after 15.Qg7 because of:} (15. Qg7 Rf8 16. Ne2 Qh5
(16... a5 17. Qxh7 a4 $44) 17. Nd4 Qg6 $10) 15... Kf8 (15... a5 16. Qg7 Rf8 17.
Qxh7 a4 18. Kd2 $14) 16. Kb1 a5 17. Rc1 {17.Qh3 is another possibility in this
line, and as practise shows, black has it's chances} (17. Qh3 h5 18. Rc1 (18.
f5 e5 $15 (18... e5 19. Ng3 a4 $132)) 18... Bd8 (18... a4 19. c3 (19. c4 a3 20.
b3 f5 21. exf5 Bf6) 19... Rb8 20. cxb4 Qxb4 21. Rc2 $132)) 17... a4 18. Rhe1 $5
$146 {white is bringing the rook to the centre, waiting for the action to come.
opening the game by 18.c3 looks dangerous, as in this case black has a good
conterplay} (18. c3 $6 Rb8 $132 {0-1 Hartman,C-Atalik,S/Neum 2000/CBM 80/
[Atalik] (37)}) 18... f5 {black is worried about white playing f5 himself, so
he opens the game, although it looks rather dangerous} 19. exf5 exf5 $5 (19...
Bf6 $5 20. Qf3 Rb8 21. fxe6 Bxe6 22. f5 Qe5 23. Nc3 bxc3 24. fxe6 Rxb2+ 25. Ka1
Qg5 $13) 20. Qf3 Rb8 21. Ng3 Be6 $132 {black has a good game} (21... a3 $5 22.
Qe3 Bf6 23. Rcd1 Qxe3 24. Rxe3 Bxb2 $132) 22. Qe3 {white's trying to simplify
the game, hoping to take advantage of the black's weaknesses in the endgame}
Qd5 (22... Bh4 $5) 23. b3 Qa5 $2 {black goes for a riski attack, and gets
difficult position} (23... Bh4 $5) 24. Bc4 $1 {strong move emphasising the
disadvantages of the black's position: plenty of weaknesses and a bad position
of the king} axb3 25. Bxb3 Bf6 26. Bxe6 Re8 27. Qb3 $36 fxe6 (27... Bc3 28. Re2
fxe6 29. Rxe6 Rd8 30. Rd1) 28. Rxe6 $18 {plenty of weaknesses make black's
position indefensible.} Bc3 29. Rd1 Qc5 30. Rxe8+ Kxe8 31. Qe6+ Kd8 32. Nxf5
Kc7 33. Nxd6 1-0

[Event "Poikovsky Karpov 04th"]
[Site "Poikovsky"]
[Date "2003.04.20"]
[Round "1"]
[White "Bologan, Viktor"]
[Black "Obodchuk, Andrei"]
[Result "1-0"]
[WhiteElo "2663"]
[BlackElo "2417"]
[Annotator "Gofshtein,L"]
[PlyCount "107"]
[EventDate "2003.04.20"]
[EventType "tourn"]
[EventRounds "9"]
[EventCountry "RUS"]
[EventCategory "16"]
[SourceTitle "CBM 095"]
[Source "ChessBase"]
[SourceDate "2003.07.25"]
[SourceVersion "1"]
[SourceVersionDate "2003.07.25"]
[SourceQuality "1"]

{[%mdl 4]} 1. e4 c5 2. Nf3 d6 3. d4 cxd4 4. Nxd4 Nf6 5. Nc3 Nc6 6. Bg5 e6 7.
Qd2 a6 8. O-O-O h6 9. Be3 Be7 10. f3 {White strengthens pawn e4 and prepares
for an attack on the Kingside.} Nxd4 11. Bxd4 b5 12. Kb1 {Profilactic move...
White withdraws his King from the c1-h6 diagonal, getting ready for Black's
attack on the Queenside.} Rb8 {Typical plan for black in this position would
be to play b4, pushing back the knight, and preparing for counterplay by way
of e5 and Be6. The idea of 12...Rb8 is also connected to the realization of
this plan.} 13. Ba7 {The idea behind this move is to distabalize the structure
of black's pieces and to prepare for black's countergame in the center, in
advance bringing the bishop to e3. 13.g4 As indicated by the game
Cseshkovski-Ruban gives black good counterplay.} (13. g4 b4 14. Bxf6 (14. Ne2
e5 15. Be3 Be6 $132) 14... Bxf6 (14... gxf6) 15. Ne2 Rb6 (15... Be7 16. f4) 16.
f4 (16. h4 $2 Bxh4 17. Rxh4 Qxh4 18. Qd4 Rc6 19. Qxg7 Rf8 20. Qd4 $17 {1/2-1/2
Cseshkovsky,V-Ruban,V/St.Petersburg (zt) 1993/Inf 56/ (46)})) (13. Bxf6 Bxf6
14. Qxd6 Qxd6 15. Rxd6 Ke7 16. Rd1 Bxc3 17. bxc3 e5 18. Kb2 Be6 19. Bd3 Rhc8
$44 {0-1 Anand,V-Kramnik,V/Monte Carlo blindfold 1996 (40)}) 13... Rb7 14. Be3
Qc7 {Black takes square c4 under his control and prepares to activate a
typical counter attack plan b4, followed by e5 and Be6. As tournament
knowledge demonstrates, an immediate 14...b4 15.Ne2 e5 gives white a dangerous
initiative.} (14... b4 15. Ne2 a5 (15... e5 16. Nc1 Rb8 17. Bc4 O-O 18. g4 Qc7
19. Bb3 Be6 20. g5 hxg5 21. Bxg5 Rfd8 22. Rhg1 Ne8 23. Ne2 Bxg5 24. Qxg5 Bxb3
25. axb3 Rbc8 $132 {1-0 Lanka,Z-Vydeslaver,A/Open, Groningen NED 1997 (38)})
16. Nd4 Bd7 17. g4 Qc7 18. h4 a4 19. Ba6 Rb8 20. g5 Nh5 21. g6 Rf8 22. Qg2 $36
{1-0 Pikula,D-Zontakh,A/Belgrade (YUG) 1996 (37)}) (14... Nd7 $5 15. Bd3 Ne5
16. Ne2 Qc7 17. Bd4 O-O 18. Ng3 Rd8 19. Nh5 Bf8 20. Qf2 Nxd3 21. cxd3 e5 22.
Rc1 Qb8 23. Be3 f5 24. exf5 {1/2-1/2 Leko Petar-Tukmakov Vladimir/Ch Croatia 
(team) (1st league), Tucepi 1996 (24)}) 15. g4 Nd7 $5 {[%cal Gd7e5,Ge5c4]
Black transfers his knight to a more active square e5 and c4 in the near
future.} (15... b4 $6 16. Ne2 d5 (16... a5 17. Nd4 Bd7) 17. e5 Nd7 18. f4 {
Lanka,Z-Wells,P/Passau 1996/Inf 67(18)}) 16. Ne2 $5 {[%cal Re2g3,Rg3h5,Ye2d4]
Important transfer of the Knight for a strengthening of the attack.} Rb8 (16...
Ne5 $5 17. Nd4 O-O $132) 17. Ng3 Ne5 18. Be2 Nc4 19. Bxc4 Qxc4 $2 {Black
decreases his counterattack potential.  Right was 19...bc, opening file "b".} (
19... bxc4 20. Qc3 O-O 21. Nh5 e5) 20. Nh5 Rg8 21. Rhg1 {White prepares the
disclosure of file "g" by way of g5.} g5 22. h4 $5 {This way, white weakens
black's pawn structure on the Kingside and open up file "h".} Bb7 23. hxg5 hxg5
24. b3 Qc6 25. Bd4 $1 {White transfers his Bishop to a key diagonal, creating
a dangerous threat to black's King. Right now, for example, 23.Nf6 threatens.}
e5 26. Bc3 {[%cal Rc3b4,Yb4d6] White's bishop may be transferred to diagonal
a3-f8 at the right opportunity, hence increasing pressure on pawn d6.} Bc8 27.
Ng3 {[%cal Rg3f5]} Be6 28. Nf5 {Prakticheski vinyzdaja chernix razmenjatcja na
f5,i eshe bolshe ycilivaja vugodu cvoego polozenija} Bxf5 29. gxf5 Rd8 30. Bb4
Rh8 31. Rg2 {White is preparing 32.Rh2, penetrating his pieces by way of file
"h".} Rd7 32. Rh2 Rxh2 33. Qxh2 Kd8 34. Qh8+ $36 {White's advantage is
enormous, but time is neccessary in order to the black's defense structure.}
Kc7 35. f6 Bd8 36. Rd3 Kb6 37. Rd5 Kb7 38. Qf8 Bc7 39. Qg7 Qb6 40. Qxg5 $18 {
White has won a pawn . Now, victory is only a matter of timel.} Qf2 41. Rd3 Bb6
42. Qc1 Bc5 43. Bxc5 Qxc5 44. Qd2 Rd8 45. Rc3 Qg1+ 46. Kb2 Qd4 47. Qxd4 exd4
48. Rd3 Re8 49. Rxd4 Re6 50. e5 $1 {Decisive breakthrough.} Rxe5 51. Rxd6 Rf5
52. Rd7+ Kb6 53. Rxf7 Rxf3 54. Rf8 $18 {White has a theoretically winning
endgame, therefore black resigns.} 1-0

[Event "Tel Aviv"]
[Site "Tel Aviv"]
[Date "2001.02.27"]
[Round "7"]
[White "Gruenfeld, Yehuda"]
[Black "Kovalev, Andrei"]
[Result "0-1"]
[WhiteElo "2520"]
[BlackElo "2544"]
[Annotator "Gofshtein,L"]
[PlyCount "86"]
[EventDate "2001.02.20"]
[EventType "tourn"]
[EventRounds "9"]
[EventCountry "ISR"]
[EventCategory "9"]
[SourceTitle "CBM 082"]
[Source "ChessBase"]
[SourceDate "2001.05.17"]
[SourceVersion "1"]
[SourceVersionDate "2001.05.17"]
[SourceQuality "1"]

1. e4 c5 2. Nf3 Nc6 3. d4 cxd4 4. Nxd4 Nf6 5. Nc3 d6 6. Bg5 e6 7. Qd2 a6 8.
O-O-O Qb6 9. Be3 {There are a few alternativs here} (9. Nxc6 $6 bxc6 10. e5
dxe5 11. Bxf6 gxf6 12. Ne4 Bg7 13. g4 O-O 14. Rg1 Rb8 15. c3 Kh8 16. g5 fxg5
17. Bc4 g4 $19 {0-1 Vitolinsh,A-Lerner,K/Jurmala 1983/MCD (29)}) (9. Bxf6 $5
gxf6 10. Nb3 Qc7 11. Be2 Bd7 12. f4 O-O-O 13. Rhf1 Kb8 14. Kb1 Be7 15. Bh5 $36
{1/2-1/2 Rudolf,H-Rabiega,R/Dresden 0/EXT 2001 (33)}) (9. f3 Qxd4 10. Qxd4 Nxd4
11. Rxd4 Be7 (11... Bd7 12. Bc4 $14 {1/2-1/2 Rogers,I-Lugovoi,A/Hamburg 1999/
EXT 2001 (25)}) 12. Bc4 $14 {1-0 Furhoff,J-Jakobsen,O/Copenhagen 1996/CBM 54
ext (52)}) 9... Ng4 $6 $146 {black sacrifice a pawn without safficient
counterplay} (9... Qc7 10. f3 b5 11. g4 (11. Kb1 Ne5 12. Bd3 Be7 13. g4 O-O 14.
g5 Nfd7 15. f4 Nc4 $132 {1/2-1/2 Song,D-Liu Wenzhe/PRC-chT 1987/EXT 97 (49)})
11... Nd7 12. Nxc6 Qxc6 13. Ne2 Bb7 14. Kb1 Qc7 15. Nd4 Rc8 16. Bd3 Ne5 17. g5
Nc4 18. Bxc4 bxc4 19. c3 d5 $132 {0-1 Wang Zili-Liu Wenzhe/PRC-ch 1987/EXT 97 
(36)}) 10. Nf5 Qc7 (10... Nxe3 11. Nxe3 Na5 12. a3 Qd8 13. b4 Nc6 14. Nc4 $16)
11. Nxd6+ Bxd6 12. Qxd6 Qxd6 13. Rxd6 Nxe3 14. fxe3 Ke7 15. Rd2 Ne5 16. Be2 Bd7
17. b3 Rac8 18. Kb2 Bc6 (18... Rhd8) 19. Rd4 $16 Rc7 {this move allow white
get rid from weak pawn-e4,but and another case, white has clear plan-pawn's
movement in the qeen side} 20. Nd5+ $5 exd5 21. exd5 Bxd5 22. Rxd5 f6 23. Bf3 (
23. c4 $5) 23... Re8 24. Rhd1 Kf7 25. Bh5+ g6 26. Be2 f5 27. Rd6 (27. c4 $5)
27... Ree7 28. a3 Kg7 29. R6d2 $2 (29. R1d2 $5) 29... Nf7 $1 $11 30. Rd3 $6 {
after this mistake iniative transiton to the black} (30. Bf3 Rxe3 31. Rd7 Re7
32. Rxc7 Rxc7 33. c4 $11) 30... f4 31. Bf3 Ne5 32. Rd4 $2 (32. exf4 $5 Nxd3+
33. Rxd3 Red7 34. Rxd7+ Rxd7 35. c4 $11) 32... Nxf3 33. gxf3 fxe3 $36 34. Re1
Rc5 35. Re2 Kf6 36. c4 (36. Re4 Rxe4 37. fxe4 Rh5 38. Kc3 Ke5 39. Kd3 Rh4 $36)
36... Rf5 37. f4 Rh5 38. Kc3 Kf5 39. Kd3 Rh4 40. Rd5+ $4 {good lack for black}
(40. b4 $132) 40... Kxf4 41. Rd4+ Kf3 $19 42. Rd6 (42. Rxh4 Rd7+ 43. Kc3 Kxe2
$19) 42... Rf4 43. c5 Ree4 {with idea 44...Red4} 0-1